000 00902nam a2200265 a 4500
001 29353
003 BD-RjUL
005 20211209051413.0
008 140403s1950 nyua b 001 0 eng
035 _a(BD-RjUL)29438
040 _aDLC
_cDLC
_dm.c
_dBD-RjUL
_beng
041 _aeng
082 _a150
_bDOP 1950
100 1 _aDollard, John,
_d1900-1980
_988231
245 1 0 _aPersonality and psychotherapy :
_ban analysis in terms of learning, thinking, and culture /
_cby John Dollard and Neal E. Miller.
260 _aNew York :
_bMcGraw-Hill,
_c1950.
300 _axiii, 488 p. :
_bill. ;
_c24 cm.
504 _aIncludes Bibliography: p. 461-469 and index.
650 0 _aPsychology.
_989530
650 0 _aPsychotherapy.
_989531
700 1 _aMiller, Neal E.
_q(Neal Elgar),
_d1909-2002
_988234
830 0 _aMcGraw-Hill publications in psychology
_989534
942 _2ddc
_cBK
999 _c29353
_d29353